LEADER 00849nas a2200217 i 4500 001 000000235205 003 CaOOAMICUS 005 20141031000000.0 008 141031b1992 it uu u0 0ita r 013 $a214108 040 $aSeMil$bita 245 10$a1992 :$bdicembre. 260 $aComo :$bNew Press,$c1992. 300 $a16 p. :$bill. ;$c25 cm. 700 1 $aSocietà Archeologica Comense .$0(OLS)http://semarc/name/2232 773 0 $tRivista Archeologica dell'Antica Provincia e Diocesi di Como.$dComo : Litotipografia Malinverno $x0080-3235$w()2809 774 0 $t[vedi periodico].$w()282301 850 $aSeMil 852 $aSeMil$W1$xVenegono$y1$m38 6 174/2$j185551$B185551$CSeMilBibl$Z2$F196455 $85 996 $6245$a1992 :$bdicembre$9(OLS)http://semarc/title/335413 996 $6260$aComo :$bNew Press$9(OLS)http://semarc/publisher/29641 LEADER 01258nam a2200277 4500 001 000000352385 003 CaOOAMICUS 005 20221129124847.0 008 221129s2018 it a 000 u ita r 020 $a978-88-372-3218-4 040 $aSeMil$bita 100 1 $aGerl-Falkovitz, Hanna-Barbara,$d<1945- >.$0(OLS)http://semarc/name/34862 240 10$aRomano Guardini 1885-1968 : Leben und Werk.$0(OLS)http://semarc/title/116678 245 10$aRomano Guardini :$bla vita e l'opera /$cHanna-Barbara Gerl-Falkovitz ; a cura di Silvano Zucal. 250 $a2. ed. rivista e ampliata 264 1$aBrescia :$bMorcelliana,$c2018. 300 $a511 p., [1] carta di tav. :$bill. ;$c21 cm 600 14$aGuardini, Romano <1885-1968>.$0(OLS)http://semarc/subject/1237 700 1 $aZucal, Silvano,$d<1956- >.$0(OLS)http://semarc/name/3830 773 0 $tSupplementi.$g1$w()352004 850 $aSeMil 852 $aSeMil$W1$xVenegono$y1$m2UA N 1$j252889$B243565$CSeMilBibl$Z2$F243565 $81 996 $6020$a978-88-372-3218-4$9(OLS)http://semarc/number/297242 996 $6245$aRomano Guardini :$bla vita e l'opera$9(OLS)http://semarc/title/116677 996 $6264$aBrescia :$bMorcelliana$9(OLS)http://semarc/publisher/29629